UBT Library

Pocket guide to health assessment / (Record no. 40652)

000 -LEADER
fixed length control field 00624nam a2200229 i 4500
001 - CONTROL NUMBER
control field 1808616
005 - DATE AND TIME OF LATEST TRANSACTION
control field 20180122053251.0
008 - FIXED-LENGTH DATA ELEMENTS--GENERAL INFORMATION
fixed length control field 800312s1980 vaua b 000 0 eng
010 ## - LIBRARY OF CONGRESS CONTROL NUMBER
LC control number 79014659
020 ## - INTERNATIONAL STANDARD BOOK NUMBER
International Standard Book Number 0835955826
040 ## - CATALOGING SOURCE
Original cataloging agency DLC
Transcribing agency DLC
Modifying agency DLC
041 ## - LANGUAGE CODE
Language code of text/sound track or separate title eng
060 ## - NATIONAL LIBRARY OF MEDICINE CALL NUMBER
Classification number WB141.3 B496p
080 ## - UNIVERSAL DECIMAL CLASSIFICATION NUMBER
Universal Decimal Classification number 616.075 BER
082 00 - DEWEY DECIMAL CLASSIFICATION NUMBER
Classification number 616.075 BER
100 1# - Rafti
Rafti 7
101 ## - Shkurtesa
Shkurtesa KARD
245 10 - TITLE STATEMENT
Title Pocket guide to health assessment /
Statement of responsibility, etc Karen J. Berger, Willa L. Fields ; [ill. by Anita Yakeley].
504 ## - BIBLIOGRAPHY, ETC. NOTE
Bibliography, etc Bibliography: p. 145-146.
906 ## - LOCAL DATA ELEMENT F, LDF (RLIN)
a 7
b cbc
c orignew
d 1
e ocip
f 19
g y-gencatlg
942 ## - ADDED ENTRY ELEMENTS (KOHA)
Source of classification or shelving scheme
Item type Books
Holdings
Withdrawn status Lost status Source of classification or shelving scheme Damaged status Not for loan Collection code Permanent location Current location Shelving location Date acquired Total Checkouts Full call number Barcode Date last seen Price effective from Koha item type
          Koleksioni i përgjithshem UBT - Lipjan UBT - Lipjan Koleksioni i përgjithshem 01/22/2018   616.075 BER 002-2995815 01/22/2018 01/22/2018 Books
UBT Library © 2015-2024. All rights reserved University Education for Business and Technology